[Event "GM/IM MIX Swiss "]
[Site "Hotel "]
[Date "2019.04.21"]
[Round "3.1"]
[White "Lajthajm, Borko"]
[Black "Fawzy, Adham"]
[Result "1/2-1/2"]
[WhiteElo "2419"]
[BlackElo "2468"]
[PlyCount "31"]
[EventDate "2019.04.20"]

1. d4 d5 2. c4 c6 3. Nc3 Nf6 4. Nf3 e6 5. cxd5 exd5 6. Qc2 Bd6 7. Bg5 O-O 8. e3
Be6 9. Bd3 h6 10. Bh4 Nbd7 11. Bg3 Qe7 12. Bxd6 Qxd6 13. h3 Rac8 14. Rd1 b6 15.
O-O c5 16. Ba6 1/2-1/2

[Event "GM/IM MIX Swiss "]
[Site "Hotel "]
[Date "2019.04.21"]
[Round "3.2"]
[White "Stankovic, Milos"]
[Black "Lettieri, Giuseppe"]
[Result "1/2-1/2"]
[WhiteElo "2465"]
[BlackElo "2439"]
[PlyCount "52"]
[EventDate "2019.04.20"]

1. e4 c5 2. Nf3 d6 3. d4 cxd4 4. Nxd4 Nf6 5. Nc3 a6 6. Be2 e5 7. Nf3 Be7 8. Bg5
Nbd7 9. a4 h6 10. Bxf6 Nxf6 11. Bc4 Be6 12. Bb3 O-O 13. O-O Rc8 14. Qe2 Rc5 15.
Ne1 Bxb3 16. cxb3 d5 17. Nd3 Rc6 18. Rad1 Re6 19. Rfe1 d4 20. Nb1 b5 21. Nd2
Qa5 22. f4 exf4 23. Nxf4 Re5 24. Nd3 Re6 25. Nf4 Re5 26. Nd3 Re6 1/2-1/2

[Event "GM/IM MIX Swiss "]
[Site "Hotel "]
[Date "2019.04.21"]
[Round "3.3"]
[White "Kosic, Dragan"]
[Black "Atakisi, Umut"]
[Result "1/2-1/2"]
[WhiteElo "2508"]
[BlackElo "2412"]
[PlyCount "89"]
[EventDate "2019.04.20"]

1. d4 d5 2. c4 c6 3. Nc3 Nf6 4. e3 e6 5. Bd2 Nbd7 6. cxd5 exd5 7. Bd3 Bd6 8.
Nge2 O-O 9. f3 c5 10. O-O a6 11. Qe1 Re8 12. Qf2 b5 13. Rac1 Bb7 14. Ng3 g6 15.
Nce2 Rc8 16. Bb1 Qb6 17. Bc3 b4 18. dxc5 Bxc5 19. Bd4 Bxd4 20. Nxd4 a5 21. Qd2
Ne5 22. b3 Nc6 23. Nge2 Nxd4 24. Nxd4 Ba6 25. Rxc8 Rxc8 26. Rc1 Rc5 27. Rxc5
Qxc5 28. Bd3 Bxd3 29. Qxd3 Qc1+ 30. Kf2 Kg7 31. Qc2 Qxc2+ 32. Nxc2 Nd7 33. Nd4
Nb8 34. g4 Kf6 35. f4 Ke7 36. g5 Kd6 37. Ke2 Nd7 38. Nf3 f6 39. h4 fxg5 40.
hxg5 Nc5 41. Kd2 Ke6 42. Nd4+ Kd6 43. Kc2 Kd7 44. Kd2 Kd6 45. Kc2 1/2-1/2

[Event "GM/IM MIX Swiss "]
[Site "Hotel "]
[Date "2019.04.21"]
[Round "3.4"]
[White "Djordjevic, Vuk"]
[Black "Budisavljevic, Luka"]
[Result "0-1"]
[WhiteElo "2401"]
[BlackElo "2334"]
[PlyCount "150"]
[EventDate "2019.04.20"]

1. e4 c5 2. Ne2 e6 3. g3 d5 4. Bg2 dxe4 5. Nbc3 f5 6. d3 exd3 7. cxd3 Nf6 8.
O-O Bd6 9. d4 O-O 10. Nb5 Na6 11. Qb3 Be7 12. a4 Nc7 13. dxc5 Bxc5 14. Qc4 Nxb5
15. Qxc5 Nd6 16. Bf4 Nde4 17. Qa3 Rf7 18. Qb3 Qb6 19. Qc2 Bd7 20. Be3 Qa6 21.
b4 Rc8 22. Qb2 Be8 23. b5 Qa5 24. Nd4 Bd7 25. Nf3 Re7 26. Ne5 a6 27. Rfc1 Rxc1+
28. Rxc1 axb5 29. f3 Nd5 30. Bd4 Nef6 31. Nxd7 Rxd7 32. axb5 Rc7 33. Rb1 Qa4
34. Bf2 Nc3 35. b6 Rc8 36. Re1 Qd7 37. Qb3 Kf7 38. h3 Rc6 39. g4 Qd3 40. Qb2
Nd1 41. Qe5 Nxf2 42. Kxf2 Nd7 43. Qf4 Rc4 44. Qe3 Rc2+ 45. Kg1 Qxe3+ 46. Rxe3
f4 47. Ra3 Rc6 48. Bf1 Rxb6 49. h4 Ne5 50. Rc3 h6 51. Be2 Rb2 52. Kf1 Kf6 53.
Rc8 g5 54. h5 Rb3 55. Kf2 Nc6 56. Bd1 Rb1 57. Ke2 Ne7 58. Rh8 Kg7 59. Re8 Nd5
60. Kd2 Rb2+ 61. Kc1 Rb6 62. Bc2 Rc6 63. Kb2 Rb6+ 64. Kc1 Nf6 65. Re7+ Kf8 66.
Rc7 e5 67. Kd2 Rd6+ 68. Kc1 e4 69. fxe4 Nxg4 70. Rxb7 f3 71. Rb8+ Ke7 72. Rb7+
Kf6 73. Rb5 Ne5 74. Bd1 g4 75. Kc2 Ke6 0-1

[Event "GM/IM MIX Swiss "]
[Site "Hotel "]
[Date "2019.04.21"]
[Round "3.5"]
[White "Der Manuelian, Haik"]
[Black "Navaratnam, Rohan Shan Tze"]
[Result "1-0"]
[WhiteElo "2278"]
[BlackElo "2068"]
[PlyCount "77"]
[EventDate "2019.04.20"]

1. d4 d5 2. c4 e6 3. Nf3 c5 4. cxd5 exd5 5. Nc3 Nc6 6. g3 Nf6 7. Bg2 Be7 8. O-O
O-O 9. dxc5 Bxc5 10. Bg5 d4 11. Bxf6 Qxf6 12. Ne4 Qe7 13. Nxc5 Qxc5 14. Ne1 Bf5
15. Nd3 Qe7 16. Rc1 Be4 17. Bxe4 Qxe4 18. Qd2 Rfe8 19. Rc2 Re7 20. Qf4 Qd5 21.
b3 Rae8 22. Re1 Qh5 23. Rc5 Qg6 24. Qf3 Qd6 25. Kf1 Nb4 26. Ra5 Nc6 27. Ra4 Qh6
28. h4 Qe6 29. Rc4 Qh3+ 30. Kg1 Re3 31. fxe3 Rxe3 32. Nf2 Rxf3 33. Nxh3 Rxg3+
34. Kh2 Rg4 35. e3 h6 36. exd4 Nxd4 37. Rf1 b5 38. Rc8+ Kh7 39. Rf4 1-0

[Event "GM/IM MIX Swiss "]
[Site "Hotel "]
[Date "2019.04.21"]
[Round "3.6"]
[White "Tosic, Miroslav"]
[Black "Abramovic, Bosko"]
[Result "1/2-1/2"]
[WhiteElo "2349"]
[BlackElo "2349"]
[PlyCount "21"]
[EventDate "2019.04.20"]

1. e4 e5 2. Nf3 Nc6 3. Bb5 a6 4. Bxc6 dxc6 5. O-O Qd6 6. d4 exd4 7. Qxd4 Qxd4
8. Nxd4 Bd7 9. Be3 O-O-O 10. Nd2 Ne7 11. Rfe1 1/2-1/2

[Event "GM/IM MIX Swiss "]
[Site "Hotel "]
[Date "2019.04.21"]
[Round "3.7"]
[White "Dimitrijevic, Nenad"]
[Black "Moksh, Amit Doshi"]
[Result "1-0"]
[WhiteElo "2173"]
[BlackElo "2256"]
[PlyCount "45"]
[EventDate "2019.04.20"]

1. Nc3 c5 2. e4 d6 3. g3 Nc6 4. Bg2 g6 5. d3 Bg7 6. Be3 Rb8 7. Qd2 b5 8. f4 Bd7
9. Nf3 Nf6 10. h3 Qc8 11. g4 b4 12. Nd1 a5 13. f5 gxf5 14. gxf5 Nh5 15. Qf2 Bf6
16. Bg5 Rg8 17. Qh4 Nd4 18. Qxh5 Nxf3+ 19. Bxf3 Rxg5 20. Qxh7 c4 21. h4 Rg3 22.
Kf2 Be5 23. d4 1-0

[Event "GM/IM MIX Swiss "]
[Site "Hotel "]
[Date "2019.04.23"]
[Round "5.1"]
[White "Budisavljevic, Luka"]
[Black "Fawzy, Adham"]
[Result "0-1"]
[WhiteElo "2334"]
[BlackElo "2468"]
[PlyCount "106"]
[EventDate "2019.04.20"]

1. d4 d5 2. c4 c6 3. cxd5 cxd5 4. Bf4 Nf6 5. Nc3 Nc6 6. e3 Bf5 7. Qb3 Na5 8.
Qa4+ Bd7 9. Qc2 e6 10. Bd3 Nh5 11. Bg3 Rc8 12. Nf3 b5 13. a3 Nc4 14. O-O Nxg3
15. hxg3 g6 16. Qe2 Bg7 17. Rfc1 Qb6 18. b3 Na5 19. Na2 O-O 20. Rxc8 Rxc8 21.
Rc1 Rxc1+ 22. Nxc1 Bf8 23. Qa2 Qc7 24. Qa1 b4 25. a4 f6 26. Qb2 Bd6 27. Qc2 e5
28. Bxg6 e4 29. Bxh7+ Kxh7 30. Qxc7 Bxc7 31. Nd2 Nxb3 32. Ndxb3 Bxa4 33. Nc5
Bb5 34. f3 exf3 35. gxf3 a5 36. Kf2 a4 37. Ke1 Ba5 38. Kd1 b3 39. N1xb3 axb3
40. Nxb3 Ba4 41. Kc2 Be1 42. e4 Bxg3 43. exd5 Bf2 44. Kc3 Bxb3 45. Kxb3 Kg7 46.
Kc4 Kf7 47. Kc5 Ke7 48. Kc6 Bg3 49. Kc5 Kd7 50. d6 Bxd6+ 51. Kd5 f5 52. Kc4 Kc6
53. Kc3 Kd5 0-1

[Event "GM/IM MIX Swiss "]
[Site "Hotel "]
[Date "2019.04.23"]
[Round "5.2"]
[White "Kosic, Dragan"]
[Black "Stankovic, Milos"]
[Result "1/2-1/2"]
[WhiteElo "2508"]
[BlackElo "2465"]
[PlyCount "27"]
[EventDate "2019.04.20"]

1. e4 c6 2. Nc3 d5 3. Nf3 dxe4 4. Nxe4 Nf6 5. Nxf6+ exf6 6. d4 Bd6 7. Bd3 O-O
8. O-O Re8 9. h3 Be6 10. c3 Nd7 11. Be3 Nf8 12. Re1 Ng6 13. Nd2 f5 14. Nf3
1/2-1/2

[Event "GM/IM MIX Swiss "]
[Site "Hotel "]
[Date "2019.04.23"]
[Round "5.3"]
[White "Djordjevic, Vuk"]
[Black "Atakisi, Umut"]
[Result "1-0"]
[WhiteElo "2401"]
[BlackElo "2412"]
[PlyCount "101"]
[EventDate "2019.04.20"]

1. e4 e5 2. Nf3 Nc6 3. d4 exd4 4. Nxd4 Bc5 5. Nxc6 Qf6 6. Qf3 dxc6 7. Bc4 Qe7
8. Nc3 Nf6 9. Bg5 h6 10. Bxf6 Qxf6 11. Qxf6 gxf6 12. Rd1 Rg8 13. g3 Bh3 14. Bf1
Be6 15. f4 a5 16. a3 a4 17. Ne2 Rd8 18. Rxd8+ Kxd8 19. Nc1 Ke7 20. Nd3 Ba7 21.
Bg2 f5 22. exf5 Bxf5 23. Kd2 h5 24. Bf3 h4 25. gxh4 Rg1 26. Ne5 Rxh1 27. Bxh1
Bg1 28. Nf3 Bc5 29. h5 Be4 30. h6 Bxf3 31. Bxf3 Bd4 32. c3 Bh8 33. Be4 Kd6 34.
Bc2 b5 35. Bd3 Kd5 36. h4 Kd6 37. Ke3 Kd5 38. Kd2 Kd6 39. Bf5 Bf6 40. h5 Bh8
41. Bd3 Kc5 42. Bg6 Kb6 43. Bxf7 c5 44. Kd3 b4 45. Bc4 c6 46. Ke4 Kc7 47. Kf5
Kd6 48. Kg6 bxc3 49. bxc3 Bxc3 50. Kf7 Bb2 51. h7 1-0

[Event "GM/IM MIX Swiss "]
[Site "Hotel "]
[Date "2019.04.23"]
[Round "5.4"]
[White "Lajthajm, Borko"]
[Black "Lettieri, Giuseppe"]
[Result "0-1"]
[WhiteElo "2419"]
[BlackElo "2439"]
[PlyCount "48"]
[EventDate "2019.04.20"]

1. d4 Nf6 2. c4 g6 3. Nc3 d5 4. Bg5 Bg7 5. e3 c5 6. cxd5 Nxd5 7. Bb5+ Nc6 8.
Qa4 cxd4 9. exd4 O-O 10. Nge2 Nxc3 11. bxc3 Qd5 12. h4 e5 13. O-O exd4 14. cxd4
Bg4 15. Rad1 Bxe2 16. Bxe2 Nxd4 17. Bc4 Qc5 18. Be3 Rad8 19. Rb1 Qc8 20. Bg5
Rde8 21. Rfc1 Qg4 22. Rxb7 Nf3+ 23. Kh1 Re4 24. Rxf7 Qxh4+ 0-1

[Event "GM/IM MIX Swiss "]
[Site "Hotel "]
[Date "2019.04.23"]
[Round "5.5"]
[White "Der Manuelian, Haik"]
[Black "Abramovic, Bosko"]
[Result "0-1"]
[WhiteElo "2278"]
[BlackElo "2349"]
[PlyCount "77"]
[EventDate "2019.04.20"]

1. d4 Nf6 2. c4 e6 3. g3 d5 4. Nf3 Bb4+ 5. Bd2 Bd6 6. Bg2 c6 7. Qc2 Nbd7 8. O-O
O-O 9. Nc3 dxc4 10. Bg5 h6 11. Ne4 Be7 12. Nxf6+ Nxf6 13. Bxf6 Bxf6 14. Qxc4
Qb6 15. Rab1 Rd8 16. e3 Bd7 17. Rfd1 Be8 18. Nd2 Rac8 19. Ne4 Be7 20. b4 Qc7
21. f4 b6 22. Rbc1 Qd7 23. Qb3 f6 24. Qb2 Bg6 25. Re1 Bf8 26. Nc3 c5 27. bxc5
bxc5 28. d5 c4 29. e4 exd5 30. Nxd5 Qc6 31. Kh1 Qc5 32. Qc3 f5 33. Ne3 fxe4 34.
Qxc4+ Bf7 35. Qxc5 Rxc5 36. Rxc5 Bxc5 37. Bf1 Bxa2 38. Bc4+ Bxc4 39. Nxc4 0-1

[Event "GM/IM MIX Swiss "]
[Site "Hotel "]
[Date "2019.04.23"]
[Round "5.6"]
[White "Tosic, Miroslav"]
[Black "Dimitrijevic, Nenad"]
[Result "1/2-1/2"]
[WhiteElo "2349"]
[BlackElo "2173"]
[PlyCount "27"]
[EventDate "2019.04.20"]

1. e4 c5 2. Nf3 e6 3. Qe2 Nc6 4. d3 d6 5. g3 g6 6. Bg2 Bg7 7. c3 Nge7 8. Na3
O-O 9. O-O e5 10. Nc2 f5 11. Bg5 h6 12. Bxe7 Nxe7 13. exf5 Nxf5 14. c4 1/2-1/2

[Event "GM/IM MIX Swiss "]
[Site "Hotel "]
[Date "2019.04.23"]
[Round "5.7"]
[White "Moksh, Amit Doshi"]
[Black "Navaratnam, Rohan Shan Tze"]
[Result "0-1"]
[WhiteElo "2256"]
[BlackElo "2068"]
[PlyCount "66"]
[EventDate "2019.04.20"]

1. d4 d5 2. c4 e6 3. Nc3 c5 4. cxd5 exd5 5. Nf3 Nc6 6. g3 Nf6 7. Bg2 Be7 8. O-O
O-O 9. dxc5 Bxc5 10. a3 Re8 11. b4 Bf8 12. Bb2 Bg4 13. h3 Bh5 14. Rc1 Rc8 15.
Na4 Ne4 16. g4 Bg6 17. b5 Ne7 18. Qb3 Qd6 19. Rfd1 h5 20. Ne5 Rxc1 21. Rxc1
hxg4 22. hxg4 d4 23. f4 Qf6 24. Bxd4 Qxf4 25. Rf1 Qg3 26. Rf3 Qe1+ 27. Kh2 Nd2
28. Qe3 Nd5 29. Qg5 Be7 30. Nd3 Nxf3+ 31. Bxf3 Qxe2+ 32. Bxe2 Bxg5 33. Bf1 Re4
0-1

[Event "GM/IM MIX Swiss "]
[Site "Hotel "]
[Date "2019.04.24"]
[Round "6.1"]
[White "Fawzy, Adham"]
[Black "Kosic, Dragan"]
[Result "1/2-1/2"]
[WhiteElo "2468"]
[BlackElo "2508"]
[PlyCount "271"]
[EventDate "2019.04.20"]

1. e4 e6 2. d4 d5 3. Nd2 c5 4. Ngf3 Nf6 5. exd5 exd5 6. Bb5+ Bd7 7. Qe2+ Be7 8.
dxc5 O-O 9. Nb3 a6 10. Bxd7 Nbxd7 11. O-O Re8 12. Nfd4 Nxc5 13. Nf5 Bf8 14. Qf3
Nce4 15. Rd1 Rc8 16. c3 Qd7 17. Be3 g6 18. Ng3 Qe6 19. Ne2 Bd6 20. Bf4 Bxf4 21.
Nxf4 Qe5 22. Nd3 Qg5 23. Qf4 Qxf4 24. Nxf4 Nd6 25. Nd4 Nc4 26. Nd3 Re7 27. Re1
Rce8 28. Rxe7 Rxe7 29. Rd1 h5 30. f3 Kf8 31. Kf2 Ne3 32. Rb1 Nc4 33. h4 Nd2 34.
Rc1 Nc4 35. Ne2 Ne3 36. g3 Nc4 37. Nef4 a5 38. b3 Nd6 39. Nc5 b6 40. Na4 Nc8
41. c4 Rc7 42. c5 bxc5 43. Rxc5 Rxc5 44. Nxc5 Nd6 45. Na4 Nb5 46. Nb6 Nc7 47.
Ke3 Ke7 48. Kd4 Kd6 49. Nc8+ Kc6 50. a4 Nd7 51. g4 hxg4 52. fxg4 g5 53. hxg5
Nc5 54. Ne7+ Kd6 55. Nf5+ Kc6 56. Ne7+ Kd6 57. Nc8+ Kc6 58. Ke5 d4 59. Kxd4
Nxb3+ 60. Ke5 Nc5 61. Kf6 Ne4+ 62. Kf5 Nc5 63. Ke5 Nd7+ 64. Kd4 Nc5 65. Ne7+
Kd6 66. Nf5+ Kc6 67. Nh6 N7e6+ 68. Nxe6 Nxe6+ 69. Ke5 Nxg5 70. Kf5 Nh3 71. Nxf7
Kd5 72. Ne5 Nf2 73. g5 Ne4 74. g6 Nd6+ 75. Kf4 Ne8 76. Nf3 Kc4 77. Ke5 Kb4 78.
Ke6 Ng7+ 79. Kf7 Nh5 80. Ne5 Kxa4 81. Ng4 Kb3 82. Nf6 a4 83. Nxh5 a3 84. g7 a2
85. g8=Q a1=Q 86. Nf6 Qe5 87. Kg6+ Kb2 88. Qc8 Qg3+ 89. Kf7 Qe5 90. Qc4 Qc3 91.
Qf4 Qb3+ 92. Ke7 Qa3+ 93. Ke6 Qa6+ 94. Kd5 Qb5+ 95. Ke6 Qc6+ 96. Ke7 Qc5+ 97.
Kf7 Qa7+ 98. Kg6 Qg1+ 99. Ng4 Qb6+ 100. Kf5 Qc5+ 101. Kg6 Qc6+ 102. Kg5 Qd5+
103. Ne5 Qd8+ 104. Kh5 Qd1+ 105. Kg5 Qd5 106. Kh4 Qh1+ 107. Kg3 Qg1+ 108. Kf3
Qd1+ 109. Kg2 Qd5+ 110. Kf2 Qc5+ 111. Kf3 Kc3 112. Qe4 Kb3 113. Qb1+ Kc3 114.
Qc1+ Kd4 115. Qe3+ Kd5 116. Qe4+ Kd6 117. Nc4+ Kd7 118. Qg4+ Ke7 119. Qh4+ Kd7
120. Ne3 Qc6+ 121. Kf2 Qe6 122. Qd4+ Qd6 123. Qa4+ Qc6 124. Qg4+ Qe6 125. Qg7+
Qe7 126. Qc3 Qh4+ 127. Ke2 Qh2+ 128. Kd3 Qh7+ 129. Kd2 Qh2+ 130. Kc1 Qg1+ 131.
Kb2 Qf2+ 132. Kc1 Qg1+ 133. Kb2 Qh2+ 134. Nc2 Qb8+ 135. Kc1 Qf4+ 136. Kb2
1/2-1/2

[Event "GM/IM MIX Swiss "]
[Site "Hotel "]
[Date "2019.04.24"]
[Round "6.2"]
[White "Stankovic, Milos"]
[Black "Djordjevic, Vuk"]
[Result "0-1"]
[WhiteElo "2465"]
[BlackElo "2401"]
[PlyCount "96"]
[EventDate "2019.04.20"]

1. e4 e6 2. d4 d5 3. Nc3 Bb4 4. e5 c5 5. a3 Bxc3+ 6. bxc3 Qa5 7. Bd2 Qa4 8. h4
Ne7 9. h5 h6 10. Rh4 c4 11. Rf4 Nbc6 12. Nf3 Bd7 13. g3 Rf8 14. Bh3 Nf5 15. Kf1
O-O-O 16. g4 Nfe7 17. Nh4 Ng8 18. Rf3 f6 19. Ng6 Rfe8 20. Bf4 Nce7 21. Qe2 Nxg6
22. hxg6 Re7 23. Bg3 Be8 24. exf6 gxf6 25. Rxf6 Nxf6 26. Qe5 Bxg6 27. Qxf6 Qe8
28. Qe5 Qf7 29. Qb8+ Kd7 30. Qxb7+ Ke8 31. Qc6+ Kf8 32. Bg2 Rb7 33. Re1 Rb6 34.
Qc7 Re8 35. Qe5 Kg8 36. Kg1 Rb2 37. Qe3 Kh7 38. Bf4 Qg7 39. Be5 Qe7 40. Qh3 Rf8
41. f4 Rxc2 42. g5 h5 43. Bf6 Rxf6 44. gxf6 Qxf6 45. Qxe6 Qxf4 46. Qe3 Rxg2+
47. Kxg2 Be4+ 48. Kg1 Qg4+ 0-1

[Event "GM/IM MIX Swiss "]
[Site "Hotel "]
[Date "2019.04.24"]
[Round "6.3"]
[White "Lettieri, Giuseppe"]
[Black "Budisavljevic, Luka"]
[Result "0-1"]
[WhiteElo "2439"]
[BlackElo "2334"]
[PlyCount "94"]
[EventDate "2019.04.20"]

1. e4 c5 2. Nf3 Nc6 3. d4 cxd4 4. Nxd4 e6 5. Nc3 Qc7 6. Be3 Nf6 7. Qf3 Bb4 8.
Nxc6 bxc6 9. Bd4 Be7 10. e5 Nd5 11. Ne4 c5 12. Nd6+ Bxd6 13. exd6 Qa5+ 14. Bc3
Nxc3 15. Qxa8 Nd5+ 16. Kd1 O-O 17. Qb8 Nb6 18. Qc7 Qb4 19. Qxa7 Qxb2 20. Rc1
Qd4+ 21. Ke1 Qb4+ 22. c3 Qb2 23. Kd1 Nd5 24. Qxc5 Bb7 25. Rc2 Qb1+ 26. Kd2 Nf6
27. f3 Be4 28. Rc1 Qb2+ 29. Kd1 Bc6 30. Qe3 Qxa2 31. Qd2 Qa4+ 32. Ke1 Qh4+ 33.
Qf2 Qf4 34. Qd2 Qh4+ 35. Qf2 Qf4 36. Rd1 Qe5+ 37. Be2 Qxc3+ 38. Kf1 Nd5 39. Kg1
Rb8 40. Qd4 Rb2 41. Kf2 Bb5 42. Rhe1 h6 43. Qe4 f5 44. Qh4 Bxe2 45. Rxd5 Bxf3+
46. Kf1 Bxg2+ 47. Kg1 Bxd5 0-1

[Event "GM/IM MIX Swiss "]
[Site "Hotel "]
[Date "2019.04.24"]
[Round "6.5"]
[White "Tosic, Miroslav"]
[Black "Moksh, Amit Doshi"]
[Result "0-1"]
[WhiteElo "2349"]
[BlackElo "2256"]
[PlyCount "82"]
[EventDate "2019.04.20"]

1. d4 Nf6 2. Nf3 e6 3. a3 d5 4. c4 c6 5. Nbd2 Nbd7 6. Qc2 Be7 7. e4 dxe4 8.
Nxe4 Nxe4 9. Qxe4 Nf6 10. Qc2 b6 11. Bg5 O-O 12. Rd1 Bb7 13. Bd3 h6 14. Bf4 Qc8
15. c5 bxc5 16. dxc5 Ba6 17. O-O Rd8 18. Bd6 Bxd6 19. Bxa6 Bxh2+ 20. Kxh2 Qxa6
21. Ne5 Qb5 22. Kg1 Nd5 23. Rd4 Rab8 24. b4 a5 25. a4 Qa6 26. bxa5 Rdc8 27. Nc4
Rb4 28. Rfd1 Rcb8 29. g3 Qa7 30. Ne5 Rxd4 31. Rxd4 Qxa5 32. Re4 Qa6 33. Kg2 Rb7
34. Re1 Rb4 35. Ra1 f6 36. Nd3 Rd4 37. Ra3 Qa5 38. Ra2 e5 39. Qb3 Qa6 40. Nb2
Qe2 41. a5 Rd2 0-1

[Event "GM/IM MIX Swiss "]
[Site "Hotel "]
[Date "2019.04.24"]
[Round "6.6"]
[White "Navaratnam, Rohan Shan Tze"]
[Black "Lajthajm, Borko"]
[Result "0-1"]
[WhiteElo "2068"]
[BlackElo "2419"]
[PlyCount "67"]
[EventDate "2019.04.20"]

1. e4 c5 2. Nf3 e6 3. c3 d5 4. exd5 exd5 5. d4 Nc6 6. Be2 Bd6 7. O-O Nge7 8.
dxc5 Bxc5 9. Bf4 Ng6 10. Bg3 f5 11. h3 f4 12. Bh2 O-O 13. Nbd2 Bb6 14. Nb3 Bf5
15. Nbd4 Bd7 16. Qb3 Bc8 17. Rfd1 Kh8 18. Rd2 Na5 19. Qb5 a6 20. Qb4 Qc7 21.
Rad1 Bd7 22. Nb3 Be6 23. Nfd4 Bg8 24. Nxa5 Bxa5 25. Qb3 Ne5 26. Qc2 Bb6 27. Nf3
Rae8 28. Nxe5 Qxe5 29. Kf1 Qc7 30. a3 d4 31. c4 Rxe2 32. Rxe2 Bxc4 33. Kg1 d3
34. Rxd3 0-1

[Event "GM/IM MIX Swiss "]
[Site "Hotel "]
[Date "2019.04.24"]
[Round "6.7"]
[White "Dimitrijevic, Nenad"]
[Black "Der Manuelian, Haik"]
[Result "0-1"]
[WhiteElo "2173"]
[BlackElo "2278"]
[PlyCount "64"]
[EventDate "2019.04.20"]

1. e4 e5 2. Nf3 Nc6 3. Bb5 Nf6 4. d3 Bc5 5. Bxc6 dxc6 6. h3 O-O 7. Nc3 Nd7 8.
Na4 Bd6 9. O-O Re8 10. b3 Nf8 11. Be3 Ne6 12. Qd2 c5 13. Nc3 h6 14. Ne2 Nd4 15.
Nh2 Re6 16. Ng3 Rg6 17. c3 Ne6 18. Nf5 Nf4 19. Bxf4 exf4 20. Qe2 Qf6 21. Ng4
Qxc3 22. Rac1 Qa5 23. Rfe1 Bd7 24. Qb2 Bf8 25. Qe5 f3 26. b4 Qxb4 27. Qxc7 Bxf5
28. exf5 Bd6 29. Qd7 Rxg4 30. Re8+ Rxe8 31. Qxe8+ Kh7 32. g3 Rxg3+ 0-1

[Event "GM/IM MIX Swiss "]
[Site "Hotel "]
[Date "2019.04.24"]
[Round "7.1"]
[White "Abramovic, Bosko"]
[Black "Fawzy, Adham"]
[Result "0-1"]
[WhiteElo "2349"]
[BlackElo "2468"]
[PlyCount "76"]
[EventDate "2019.04.20"]

1. Nf3 c5 2. g3 Nc6 3. Bg2 g6 4. O-O Bg7 5. c4 d6 6. Nc3 e5 7. Ne1 Be6 8. d3
Nge7 9. Nd5 O-O 10. Nc2 Qd7 11. Rb1 Bh3 12. Nxe7+ Nxe7 13. b4 Bxg2 14. Kxg2
cxb4 15. Nxb4 b5 16. cxb5 Qxb5 17. Rb3 d5 18. e4 Qd7 19. Ba3 Rfd8 20. Nxd5 Nxd5
21. exd5 Qxd5+ 22. Qf3 a5 23. Qxd5 Rxd5 24. Rfb1 h5 25. Rb8+ Rxb8 26. Rxb8+ Kh7
27. Ra8 g5 28. Bc1 Kg6 29. Be3 f5 30. Bb6 Rxd3 31. Rxa5 f4 32. h3 f3+ 33. Kh2
e4 34. Be3 Bd4 35. Rxg5+ Kh6 36. Bf4 Bxf2 37. Re5+ Kg6 38. Rxe4 Rd1 0-1

[Event "GM/IM MIX Swiss "]
[Site "Hotel "]
[Date "2019.04.24"]
[Round "7.2"]
[White "Djordjevic, Vuk"]
[Black "Kosic, Dragan"]
[Result "1/2-1/2"]
[WhiteElo "2401"]
[BlackElo "2508"]
[PlyCount "117"]
[EventDate "2019.04.20"]

1. d4 Nf6 2. Bg5 d5 3. Bxf6 exf6 4. e3 Be6 5. g3 c6 6. Bg2 f5 7. Ne2 Nd7 8. Qd3
Bd6 9. b3 Nf6 10. O-O h5 11. Nd2 h4 12. c4 hxg3 13. hxg3 Ne4 14. cxd5 cxd5 15.
f4 Kf8 16. Nxe4 fxe4 17. Qb5 Rb8 18. Nc3 a6 19. Qe2 Qd7 20. Na4 Bg4 21. Qd2 Qf5
22. Kf2 g5 23. Rh1 Kg7 24. Nc5 b6 25. Na4 Rhe8 26. Kg1 Re6 27. Rf1 Rg6 28. Kf2
a5 29. Rh2 Re8 30. Kg1 gxf4 31. gxf4 Rg8 32. Qc2 Rc8 33. Qb1 b5 34. Nc5 Bxc5
35. dxc5 Rxc5 36. Qb2+ Qf6 37. Qd2 Bf3 38. Kh1 Bxg2+ 39. Rxg2 b4 40. Rd1 Rc3
41. Qf2 Rc8 42. Kg1 Qf5 43. Qb2+ f6 44. Rc1 Rxc1+ 45. Qxc1 Rxg2+ 46. Kxg2 Qg4+
47. Kh2 Qe2+ 48. Kh1 Qg4 49. Qc5 Kg6 50. Qa7 Qg3 51. Qd7 Qf3+ 52. Kh2 Qe2+ 53.
Kh1 Qf1+ 54. Kh2 Qf2+ 55. Kh1 Qf3+ 56. Kh2 Kh6 57. Qe6 Qf2+ 58. Kh1 Qf3+ 59.
Kh2 1/2-1/2

[Event "GM/IM MIX Swiss "]
[Site "Hotel "]
[Date "2019.04.24"]
[Round "7.3"]
[White "Der Manuelian, Haik"]
[Black "Budisavljevic, Luka"]
[Result "1/2-1/2"]
[WhiteElo "2278"]
[BlackElo "2334"]
[PlyCount "54"]
[EventDate "2019.04.20"]

1. d4 Nf6 2. c4 e6 3. Nc3 c5 4. d5 exd5 5. cxd5 d6 6. e4 g6 7. f4 Bg7 8. Bb5+
Nfd7 9. Bd3 Qh4+ 10. g3 Qe7 11. Nf3 O-O 12. O-O Nf6 13. f5 a6 14. a4 Ng4 15.
Bg5 Bf6 16. Qd2 Nd7 17. Bxf6 Qxf6 18. Ne2 Nge5 19. Nxe5 Qxe5 20. Rf2 Nf6 21.
Raf1 Bd7 22. a5 Bb5 23. fxg6 fxg6 24. Bxb5 axb5 25. Qh6 Nd7 26. Nf4 Rae8 27.
Ne6 Rxf2 1/2-1/2

[Event "GM/IM MIX Swiss "]
[Site "Hotel "]
[Date "2019.04.24"]
[Round "7.4"]
[White "Atakisi, Umut"]
[Black "Tosic, Miroslav"]
[Result "1/2-1/2"]
[WhiteElo "2412"]
[BlackElo "2349"]
[PlyCount "64"]
[EventDate "2019.04.20"]

1. d4 Nf6 2. c4 e6 3. Nc3 Bb4 4. Qc2 O-O 5. a3 Bxc3+ 6. Qxc3 b6 7. Nf3 Bb7 8.
e3 d6 9. Be2 Nbd7 10. O-O Ne4 11. Qc2 f5 12. b4 a5 13. Bb2 Qe7 14. d5 e5 15.
Nd2 Nxd2 16. Qxd2 Nf6 17. f3 Nd7 18. f4 c5 19. dxc6 Bxc6 20. Rad1 Rf6 21. Bf3
Bxf3 22. Rxf3 Qe6 23. Qd5 Qxd5 24. Rxd5 axb4 25. axb4 Rc8 26. fxe5 Nxe5 27.
Bxe5 dxe5 28. c5 bxc5 29. bxc5 Re8 30. Rd7 Rc8 31. Rd5 Re8 32. Rd7 Rc8 1/2-1/2

[Event "GM/IM MIX Swiss "]
[Site "Hotel "]
[Date "2019.04.24"]
[Round "7.5"]
[White "Stankovic, Milos"]
[Black "Navaratnam, Rohan Shan Tze"]
[Result "1-0"]
[WhiteElo "2465"]
[BlackElo "2068"]
[PlyCount "95"]
[EventDate "2019.04.20"]

1. e4 c5 2. Nf3 e6 3. d4 cxd4 4. Nxd4 Nc6 5. Nc3 a6 6. Be2 Qc7 7. Be3 Nf6 8. a3
d6 9. f4 Be7 10. O-O O-O 11. Kh1 Nd7 12. Qe1 Bf6 13. Nb3 Ne7 14. Rd1 Bxc3 15.
Qxc3 Qxc3 16. bxc3 d5 17. exd5 Nxd5 18. Bd4 Ne7 19. Bf3 Rb8 20. Nc5 Nf5 21.
Nxd7 Bxd7 22. Ba7 Bb5 23. Bxb8 Bxf1 24. Ba7 Bb5 25. Bxb7 h6 26. Kg1 Re8 27. Be4
Rc8 28. Bb6 Kf8 29. Ba5 Rc4 30. Bb4+ Ke8 31. Re1 g6 32. g3 Rc7 33. Kf2 h5 34.
Bd3 Ne7 35. Re4 Bxd3 36. cxd3 Nd5 37. c4 Nxb4 38. axb4 Rb7 39. c5 Kd7 40. Rc4
Kc6 41. Ke3 Rb5 42. Ke4 f6 43. Rd4 Kc7 44. Rd6 Rxb4+ 45. d4 f5+ 46. Ke5 a5 47.
Rxe6 a4 48. Ra6 1-0

[Event "GM/IM MIX Swiss "]
[Site "Hotel "]
[Date "2019.04.24"]
[Round "7.6"]
[White "Moksh, Amit Doshi"]
[Black "Lettieri, Giuseppe"]
[Result "1-0"]
[WhiteElo "2256"]
[BlackElo "2439"]
[PlyCount "157"]
[EventDate "2019.04.20"]

1. d4 Nf6 2. c4 g6 3. Nc3 d5 4. cxd5 Nxd5 5. e4 Nxc3 6. bxc3 Bg7 7. Qa4+ Qd7 8.
Bb5 c6 9. Be2 O-O 10. Qa3 b6 11. Nf3 c5 12. O-O Bb7 13. d5 e6 14. Be3 exd5 15.
Rad1 Nc6 16. exd5 Ne7 17. c4 Nf5 18. Bf4 Rfe8 19. Rfe1 Re4 20. Bd2 Nd6 21. Rc1
b5 22. cxb5 c4 23. Ng5 Rd4 24. Be3 Rxd5 25. Red1 h6 26. Bf3 Rxd1+ 27. Rxd1 Bf8
28. Ne4 Bxe4 29. Bxe4 Nxe4 30. Qxf8+ Kxf8 31. Rxd7 Nc3 32. Rc7 Nxb5 33. Bxh6+
Ke8 34. Rxc4 Kd7 35. Bf4 Rc8 36. Ra4 Rc6 37. g3 a6 38. Kg2 Nc3 39. Ra5 f6 40.
h4 Ke6 41. g4 Nd5 42. Bg3 Nb4 43. h5 gxh5 44. gxh5 Kf7 45. Kf3 Re6 46. Kf4 Rb6
47. a3 Nc6 48. Rc5 Ne7 49. Rc7 Rb5 50. Kg4 Rg5+ 51. Kf3 Ke6 52. h6 Rh5 53. Bf4
Nd5 54. Rc6+ Kf5 55. Rc5 Kg6 56. Bc1 Rh1 57. Kg2 Rd1 58. Kf3 Ne7 59. Ke2 Rd7
60. Be3 Nf5 61. Rc6 Nxe3 62. fxe3 Rh7 63. Rxa6 Rxh6 64. Ra8 Kf5 65. Kd3 Ke5 66.
a4 Kd5 67. Ra5+ Kd6 68. Rf5 Ke6 69. Rf1 f5 70. a5 Ke5 71. Ra1 Ra6 72. Kc4 Kd6
73. Kb5 Ra8 74. a6 Rb8+ 75. Ka5 Re8 76. a7 Kc7 77. Ka6 Re6+ 78. Kb5 Kb7 79.
a8=Q+ 1-0

[Event "GM/IM MIX Swiss "]
[Site "Hotel "]
[Date "2019.04.24"]
[Round "7.7"]
[White "Lajthajm, Borko"]
[Black "Dimitrijevic, Nenad"]
[Result "1-0"]
[WhiteElo "2419"]
[BlackElo "2173"]
[PlyCount "65"]
[EventDate "2019.04.20"]

1. e4 c5 2. c3 d5 3. exd5 Qxd5 4. Nf3 Nf6 5. Na3 a6 6. Nc4 Qd8 7. a4 Nc6 8. a5
Bg4 9. Be2 e6 10. Qa4 Qc7 11. h3 Bh5 12. d3 Be7 13. g4 Bg6 14. Nfe5 O-O 15. Bf4
Nxe5 16. Bxe5 Qd8 17. h4 Nd7 18. Bg3 h6 19. Qb3 e5 20. Qxb7 f6 21. Bf3 Rb8 22.
Qxa6 Bxd3 23. Rd1 e4 24. Bxb8 Nxb8 25. Qe6+ Kh8 26. Bxe4 Bxc4 27. Qxc4 Qxa5 28.
Qe6 Qc7 29. Qf5 Kg8 30. Qh7+ Kf7 31. Bg6+ Ke6 32. Qxg7 Nc6 33. Bf5+ 1-0